| 000 -LEADER | |
|---|---|
| fixed length control field | 01115nam a22002297a 4500 |
| 005 - DATE AND TIME OF LATEST TRANSACTION | |
| control field | 20250420134813.0 |
| 008 - FIXED-LENGTH DATA ELEMENTS--GENERAL INFORMATION | |
| fixed length control field | 200728b ||||| |||| 00| 0 eng d |
| 020 ## - INTERNATIONAL STANDARD BOOK NUMBER | |
| International Standard Book Number | 9780071315012 |
| 040 ## - CATALOGING SOURCE | |
| Transcribing agency | KCST |
| 082 ## - DEWEY DECIMAL CLASSIFICATION NUMBER | |
| Classification number | 511 |
| Item number | Ro Di |
| 100 ## - MAIN ENTRY--PERSONAL NAME | |
| Personal name | Rosen, Kenneth H. |
| 9 (RLIN) | 4777 |
| 245 ## - TITLE STATEMENT | |
| Title | Discrete mathematics and its applications / |
| Statement of responsibility, etc. | Kenneth H Rosen; Kamala Krithivasan |
| 250 ## - EDITION STATEMENT | |
| Edition statement | 7th edition |
| Remainder of edition statement | Global edition |
| 260 ## - PUBLICATION, DISTRIBUTION, ETC. | |
| Place of publication, distribution, etc. | New York : |
| Name of publisher, distributor, etc. | McGraw-Hill, |
| Date of publication, distribution, etc. | 2013. |
| 300 ## - PHYSICAL DESCRIPTION | |
| Extent | xxiv, 836, [111] pages : |
| Other physical details | ill.; |
| Dimensions | 27 cm. |
| 505 ## - FORMATTED CONTENTS NOTE | |
| Formatted contents note | Chapter 1: The Foundations: Logic and Proofs Chapter 2: Basic Structures: Sets, Functions, Sequences, Sums, and Matrices Chapter 3: Algorithms Chapter 4: Number Theory and Cryptography Chapter 5: Induction and Recursion Chapter 6: Counting Chapter 7: Discrete Probability Chapter 8: Advanced Counting Techniques Chapter 9: Relations Chapter 10: Graphs Chapter 11: Trees Chapter 12: Algebraic Structures and Coding Theory Appendices |
| 650 ## - SUBJECT ADDED ENTRY--TOPICAL TERM | |
| Topical term or geographic name entry element | Mathematics. |
| 9 (RLIN) | 408 |
| 650 ## - SUBJECT ADDED ENTRY--TOPICAL TERM | |
| Topical term or geographic name entry element | Computer science |
| Form subdivision | Mathematics. |
| 9 (RLIN) | 4778 |
| 700 ## - ADDED ENTRY--PERSONAL NAME | |
| Personal name | Krithivasan, Kamala |
| 9 (RLIN) | 4779 |
| 942 ## - ADDED ENTRY ELEMENTS (KOHA) | |
| Koha item type | Book |
| 942 ## - ADDED ENTRY ELEMENTS (KOHA) | |
| Source of classification or shelving scheme | Dewey Decimal Classification |
| Withdrawn status | Lost status | Source of classification or shelving scheme | Damaged status | Not for loan | Home library | Current library | Date acquired | Cost, normal purchase price | Total checkouts | Full call number | Barcode | Date last seen | Price effective from | Koha item type |
|---|---|---|---|---|---|---|---|---|---|---|---|---|---|---|
| Dewey Decimal Classification | KCST Library | KCST Library | 28/07/2020 | 22.23 | 511 Ro Di | 1000000362 | 28/07/2020 | 28/07/2020 | Book | |||||
| Dewey Decimal Classification | KCST Library | KCST Library | 28/07/2020 | 12.00 | 511 Ro Di | 1000000606 | 28/07/2020 | 28/07/2020 | Book |